| 000 | 00757nam a2200241 4500 | ||
|---|---|---|---|
| 999 |
_c5880 _d5880 |
||
| 003 | OSt | ||
| 005 | 20220630084903.0 | ||
| 008 | 220630b ||||| |||| 00| 0 eng d | ||
| 020 | _a126923840X | ||
| 020 | _a9781269238403 | ||
| 040 | _cALUPE UNIVERSITY | ||
| 050 |
_aHM586 _b.P43 2014 |
||
| 245 |
_a The intersections collection : _bPearson custom sociology. _cEdited by Kathleen A. Tiemann, Ralph B.Mcneal, Betsy Lucal and Morten G. Ender |
||
| 260 |
_aBoston, MA : _bPearson Custom Publishing, _cc2014. |
||
| 300 |
_a371p. _bill.; _c 22cm. |
||
| 650 | _aSociology. . | ||
| 650 | _aSociologie. | ||
| 700 | _aTiemann, Kathleen A. | ||
| 700 | _aMcneal, Ralph B. | ||
| 700 | _a Lucal, Betsy | ||
| 700 | _a Ender, Morten G. | ||
| 942 |
_2lcc _cBK _nAB |
||